Jessie Murph Charting Songs (Billboard Hot 100) - Statistics

General Stats
  • This quiz has been taken 103 times
    24 since last reset
  • The average score is 4 of 10
Answer Stats
Album Weeks On Peak Artist(s) Song % Correct
Sex Hysteria 22 Weeks #15 Jessie Murph Blue Strips
81%
That Ain't No Man That's The Devil 37 Weeks #35 Jessie Murph ft. Jelly Roll Wild Ones
63%
9 Lives 40 Weeks #22 Koe Wetzel ft. Jessie Murph High Road
56%
Sex Hysteria 1 Week #84 Jessie Murph 1965
44%
Sex Hysteria 4 Weeks #56 Jessie Murph Touch Me Like a Gangster
38%
That Ain't No Man That's The Devil 1 Week #79 Jessie Murph & Teddy Swims Dirty
31%
If I Died Last Night 1 Week #95 Jessie Murph Pray
31%
Diplo Presents Thomas Wesley Chapter 2: Swamp Savant 5 Weeks #64 Diplo ft. Jessie Murph & Polo G Heartbroken
25%
If I Died Last Night 1 Week #95 Jessie Murph Always Been You
19%
Non-Album Single 2 Weeks #66 Jessie Murph I'm Not There For You
6%
No matching quizzes found
Score Distribution
Percent of People with Each Score
Percentile by Number Answered
Your Score History
You have not taken this quiz since the last reset